| 000 | 00465nam a2200169 a 4500 | ||
|---|---|---|---|
| 001 | 6902 | ||
| 005 | 20180713190801.0 | ||
| 008 | 140415s1983 000 0 spa d | ||
| 041 | _aspa | ||
| 082 |
_a650.14 _bWIL |
||
| 100 | 1 | _aWILSON, ROBERT F. | |
| 245 | 1 | 0 | _aRESUMES FOR EXECUTIVES AND PROFESSIONALS |
| 260 |
_a[s.l.] : _bBARRONS EDUCATIONAL SERIES, _c1983 |
||
| 300 | _a259 | ||
| 650 | 1 | 4 | _aRESUMEN (EMPLEOS) |
| 700 | 1 |
_aLEWIS, ADELE _ecoaut. |
|
| 999 |
_c6902 _d6902 |
||